Las elecciones presidenciales en México : de la hegemonía al pluralismo /

Detalles Bibliográficos
Autor principal: Ortega Ortiz, Reynaldo Yunuen (Autor, Traductor)
Formato: Electrónico eBook
Lenguaje:español
inglés
Publicado: Ciudad de México, México : El Colegio de México, 2022.
Edición:Primera edición en español, corregida y aumentada.
Materias:
Acceso en línea:Digitalia Hispánica

MARC

LEADER 00000nam a2200000 i 4500
001 DIGCOLMX0479
003 NyNyDIG
006 m o d
007 cr |||||||||||
008 231209t20222017mx ab ob 001 0 spa d
035 |a (OCoLC)1375993602 
040 |a DGITA  |b eng  |e rda  |e pn  |c DGITA 
020 |a 9786075644813  |q (ePub) 
020 |z 9786075643175  |q impreso 
041 1 |a spa  |h eng 
043 |a n-mx--- 
050 1 4 |a JC421 ebook 
100 1 |a Ortega Ortiz, Reynaldo Yunuen,  |e author,  |e translator. 
240 1 0 |a Presidential elections in Mexico.  |l Spanish  |s (Ortega Ortiz) 
245 1 4 |a Las elecciones presidenciales en México :  |b de la hegemonía al pluralismo /  |c Reynaldo Yunuen Ortega Ortiz. 
250 |a Primera edición en español, corregida y aumentada. 
264 1 |a Ciudad de México, México :  |b El Colegio de México,  |c 2022. 
264 4 |c ©2017 
300 |a 1 online resource :  |b illustrations, maps. 
336 |a text  |b txt  |2 rdacontent 
337 |a computer file  |b c  |2 rdamedia 
338 |a online resource  |b cr  |2 rdacarrier 
347 |a text file  |2 rdaft 
347 |b EPUB 
504 |a Includes bibliographical references and Index. 
588 0 |a Online resource; title from ePub title page (Digitalia, viewed December 9, 2023) 
650 0 |a Presidents  |z Mexico  |x Election  |x History  |y 21st century.  
650 0 |a Democracy  |z Mexico. 
651 0 |a Mexico  |x Politics and government  |y 1970-1988. 
700 1 |i Translation of:  |a Ortega Ortiz, Reynaldo Yunuen.  |t Presidential elections in Mexico. 
776 0 8 |i Print version:  |a Ortega Ortiz, Reynaldo Yunuen.  |s Presidential elections in Mexico. Spanish (Ortega Ortiz).  |t Elecciones presidenciales en México.  |b Primera edición en español, corregida y aumentada.  |d Ciudad de México, México : El Colegio de México, 2022  |z 9786075643175 
791 2 |a Digitalia (Firm),  |e distributor. 
793 0 |g Digitalia eBook Collection:  |a El Colegio de México 
856 4 0 |3 Digitalia Hispánica  |u https://www.digitaliapublishing.com/a/131848/ 
910 |a Premium collection: 2023